Deadliest conflicts in 2020 - Statistics

General Stats
  • This quiz has been taken 4 times
  • The average score is 4 of 23
Answer Stats
Hint Answer % Correct
34,512 Mexican drug war
67%
7,673 Syrian civil war
67%
7,300 Boko Haram insurgency
33%
765 Colombian Conflict
33%
2,510 Iraqi conflict
33%
3,082 Somali Civil War
33%
19,444 War in Afghanistan
33%
1,486 War in Libya
33%
19,056 Yemeni crisis
33%
660 Conflict in South Sudan
0%
700 Indian-Pakistani Skirmish
0%
595 Insurgency in Egypt
0%
6,700 Insurgency in Maghreb
0%
1,717 Insurgency in Mozambique
0%
900 Insurgency in the DRC
0%
1,750 Ituri Conflict
0%
3,319 Kivu conflict
0%
533 Kurdish-Turkish Conflict
0%
2,754 Mali war
0%
650 Myamnar Conflict
0%
6,935 Nagorno-Karabakh conflict
0%
1,600 Tigray War
0%
2,252 War in Sudan
0%
No matching quizzes found
Score Distribution
Percent of People with Each Score
Percentile by Number Answered
Your Score History
You have not taken this quiz